Catalog

Record Details

Catalog Search



Available copies

  • 1 of 1 copy available at LARL/NWRL Consortium.

Current holds

0 current holds with 1 total copy.

Show Only Available Copies
Location Call Number / Copy Notes Barcode Shelving Location Status Due Date
Godel Memorial-Warren Library pb ROB (Text) 35500005971070 Main Available -

Record details

  • ISBN: 9781455597079
  • ISBN: 1455597074
  • Physical Description: 328 pages ; 17 cm.
  • Edition: First edition.
  • Publisher: New York : Forever, 2017.

Content descriptions

Summary, etc.:
"Ex-cop Charlotte Finch used to think there was a ... Read More
Subject: Man-woman relationships > Fiction.
Mafia > Fiction.
Organized crime > Fiction.
Genre: Romance fiction.
Thrillers (Fiction)
Love stories.
Romantic suspense fiction.
LDR 02299cam a2200445Ii 4500
001272262
003LARL_NWRL_CONSORTIUM
00520171128162747.0
008170311t20172017nyu 000 f eng d
040 . ‡aBTCTA ‡beng ‡erda ‡cBTCTA ‡dBDX ‡dYDX ‡dUOK ‡dPCX ‡dIUK ‡dNRG
019 . ‡a975398546 ‡a975950342 ‡a976109887 ‡a976284537
020 . ‡a9781455597079 ‡q(paperback)
020 . ‡a1455597074 ‡q(paperback)
035 . ‡a(OCoLC)975486118 ‡z(OCoLC)975398546 ‡z(OCoLC)975950342 ‡z(OCoLC)976109887 ‡z(OCoLC)976284537
08204. ‡a813/.6 ‡223
049 . ‡aNRGA
1001 . ‡aRobert, Katee, ‡eauthor. ‡0(LARL_NWRL_CONSORTIUM)221619
24510. ‡aUndercover attraction ‡n#5 / ‡cKatee Robert.
250 . ‡aFirst edition.
264 1. ‡aNew York : ‡bForever, ‡c2017.
264 4. ‡c©2017
300 . ‡a328 pages ; ‡c17 cm.
336 . ‡atext ‡btxt ‡2rdacontent
337 . ‡aunmediated ‡bn ‡2rdamedia
338 . ‡avolume ‡bnc ‡2rdacarrier
4900 . ‡aO'Malleys ; ‡v5
520 . ‡a"Ex-cop Charlotte Finch used to think there was a clear line between right and wrong. Then her fellow officers betrayed her, and the world is no longer so black and white. Especially when it's Aiden O'Malley, one of the most dangerous men in Boston, who offers her a chance for justice. The only catch: she'll have to pretend to be his fiancée for his plan to work. Aiden can't afford to let anyone see the man behind the mask. To run the O'Malley empire, he has to be cool and controlled at all times. But the moment he meets Charlie, they're playing with fire. Her slightest touch is enough to send him over the edge. At first their 'engagement' was a way to eliminate his enemies. Now he'll do whatever it takes to keep her safe-- even if he has to destroy his own family to do it."-- ‡cProvided by publisher.
650 0. ‡aMan-woman relationships ‡vFiction. ‡0(LARL_NWRL_CONSORTIUM)165985
650 0. ‡aMafia ‡vFiction. ‡0(LARL_NWRL_CONSORTIUM)165975
650 0. ‡aOrganized crime ‡vFiction. ‡0(LARL_NWRL_CONSORTIUM)166507
655 7. ‡aRomance fiction. ‡2lcgft
655 7. ‡aThrillers (Fiction) ‡2lcgft
655 7. ‡aLove stories. ‡2gsafd
655 7. ‡aRomantic suspense fiction. ‡2gsafd
905 . ‡ubacont
901 . ‡a272262 ‡b ‡c272262 ‡tbiblio ‡soclc

Additional Resources